Music Quiz

Random Music or Lyrics Quiz

'Overprotected' Lyrics by Britney Spears Quiz Stats

 Plays Quiz not verified by Sporcle

Score 0/265 Timer 10:00
0 Plays Today
% Correct
I
98.5%
I
98.5%
I
98.5%
I
98.5%
I
98.5%
I
98.5%
I
98.5%
I
98.5%
I
98.5%
I
98.5%
I
98.5%
I
98.5%
I
98.5%
I
98.5%
I
98.5%
I
98.5%
I
98.5%
I
98.5%
I
98.5%
I
98.5%
I
98.5%
I
98.5%
I
98.5%
[BRIDGE]
98.5%
[CHORUS]
98.5%
I
98.5%
I
98.5%
I
98.5%
I
98.5%
I
98.5%
I
98.5%
I
98.5%
Yeah yeah.
98.5%
[CHORUS]
98.5%
I
98.5%
I
98.5%
I
98.5%
I
98.5%
I
98.5%
[CHORUS]
98.5%
a
98.1%
to
97.3%
to
97.3%
to
97.3%
to
97.3%
to
97.3%
to
97.3%
to
97.3%
to
97.3%
to
97.3%
to
97.3%
the
96.9%
the
96.9%
the
96.9%
am,
96.2%
am
96.2%
am
96.2%
am
96.2%
am
96.2%
Say
96.1%
say
96.1%
say
96.1%
say
96.1%
my
95.7%
my
95.7%
my
95.7%
my
95.7%
my
95.7%
be
95.6%
be
95.6%
be-e
95.6%
be-e
95.6%
so
95%
so
95%
so
95%
so
95%
need
94.5%
need
94.5%
me.
94.5%
need
94.5%
need
94.5%
do?
94.5%
need
94.5%
do
94.5%
do
94.5%
do
94.5%
need
94.5%
need
94.5%
need
94.5%
% Correct
me
94.5%
do
94.5%
me
94.5%
do-do.
94.5%
me
94.5%
me.
94.5%
need
94.5%
me
94.5%
do
94.5%
me
94.5%
do-do.
94.5%
me
94.5%
me.
94.5%
girl
94%
what
94%
girl
94%
What
94%
what
94%
what
94%
what
94%
what
94%
what
94%
what
94%
what
94%
what
94%
what
94%
what
94%
what
94%
what
94%
that
93.8%
that
93.8%
You
93.7%
You
93.7%
overprotected.
93.5%
o-o-ver-protected.
93.5%
time time,
92.6%
time
92.6%
time,
92.6%
don't
92.3%
don't
92.3%
don't.
92.3%
don't
92.3%
don't
92.3%
life?
92%
life
92%
But
91.5%
but
91.5%
But
91.5%
but
91.5%
but
91.5%
who
90.8%
who
90.8%
hello
90.4%
way
89.6%
way.
89.6%
way
89.6%
your
89.4%
it
88.4%
it
88.4%
it.
88.4%
with
88%
know
88%
can't
88%
can't
88%
with
88%
with
88%
space,
87.7%
space.
87.7%
How
87.5%
just
87.4%
in
87.4%
just
87.4%
just
87.4%
just
87.4%
just
87.4%
just
87.4%
gonna
87.2%
gonna
87.2%
gonna
87.2%
been
86.7%
been
86.7%
see
86.2%
There
86.2%
no-no.
86.2%
no-no.
86.2%
some
85.8%
feel
85.8%
and
85.5%
and
85.5%
% Correct
have
85.3%
'cause
85.3%
believe
85.3%
believe
85.3%
must
85%
right?
85%
want
85%
I'm
85%
want-want,
85%
I'm
85%
I'm
85%
want-want,
85%
I'm
85%
I'm
85%
has
84.8%
another
83.9%
supposed
83.9%
wanna
83.8%
is
83.8%
is
83.8%
wanna-
83.8%
wanna
83.8%
wanna-
83.8%
wanna
83.8%
what's
83.6%
tell
83.2%
chances.
82.4%
protected.
81.9%
damn
81.7%
love,
81%
love.
81%
taking
81%
help
81%
love.
81%
Action!
80.9%
you're
80.9%
Action!
80.9%
perspective.
79.3%
gotta
78.5%
through
78.3%
worry.
78.3%
learn
78.1%
about
77.8%
about
77.8%
about
77.8%
find
77.3%
will
76.8%
telling
76.8%
telling
76.8%
telling
76.8%
telling
76.8%
telling
76.8%
telling
76.8%
answers.
76.4%
every
76.2%
else
75.4%
else
75.4%
like,
75%
make
74.7%
destiny.
74.5%
destiny.
74.5%
out,
74.2%
nobody
73.7%
nobody
73.7%
mistakes
73%
someone
72.6%
someone
72.6%
world.
72.5%
'em
72.1%
corrected.
71.1%
God,
70.3%
people
69.7%
people
69.7%
This
68.9%
I've
68.7%
stand
68.4%
hear
68%
joy joy.
67.9%
Things
67.7%
up
66.5%
up
66.5%
fed
64.4%
fed
64.4%
realise
63.8%
told,
60.7%
Nobody's
49.9%
Nobody's
49.9%

You're not logged in!

Compare scores with friends on all Sporcle quizzes.
OR
Log In

Sporcle TV

Today on Sporcle TV


Watch our educational content, quiz creation guides, and fun videos on Sporcle TV.

Show Comments

Extras

Top Quizzes Today


Score Distribution

Your Account Isn't Verified!

In order to create a playlist on Sporcle, you need to verify the email address you used during registration. Go to your Sporcle Settings to finish the process.

Report this User

Report this user for behavior that violates our Community Guidelines.

Details: